[Event "SRB-chT3 South"]
[Site "Serbia"]
[Date "2017.10.12"]
[Round "6.1"]
[White "Randjelovic, Ilija"]
[Black "Stojanovic, Filip"]
[Result "1-0"]
[WhiteElo "1793"]
[BlackElo "1468"]
[PlyCount "77"]
[EventDate "2017.09.03"]
[EventType "team-tourn"]
[EventRounds "11"]
[EventCountry "SRB"]
[SourceTitle "EXT 2022"]
[Source "ChessBase"]
[SourceDate "2021.10.06"]
[SourceVersion "1"]
[SourceVersionDate "2021.10.06"]
[SourceQuality "1"]

1. e4 e5 2. Nf3 Nc6 3. Bc4 Bc5 4. c3 Nf6 5. d3 h6 6. Bb3 d6 7. h3 Be6 8. Bc2 0-0 9. Nbd2 a6 10. Nf1 Re8 11. g4 Nh7 12. Ng3 f6 13. Nh4 Bf7 14. Nhf5 Ng5 15. h4 Ne6 16. Qf3 Kf8 17. Be3 Bxe3 18. fxe3 Ne7 19. 0-0-0 b5 20. Rdf1 Ng8 21. g5 fxg5 22. Nxd6 Nf6 23. Nxe8 Qxe8 24. Bb3 a5 25. d4 exd4 26. e5 Ra6 27. exf6 gxf6 28. exd4 a4 29. Bc2 Nd8 30. hxg5 fxg5 31. Nf5 Rf6 32. Rxh6 Rxh6 33. Nxh6 c6 34. Nxf7 Nxf7 35. Bg6 g4 36. Qxf7+ Qxf7 37. Rxf7+ Kg8 38. Rc7 g3 39. Be4 1-0